000 00504nam a22001697a 4500
999 _c8327
_d8327
008 201113b ||||| |||| 00| 0 eng d
040 _aBMS College of Architecture
100 _aGajulapalli, Harshala
245 _aAnchors
300 _a37p.
500 _a1BM15AT029
502 _8B,Arch
_NBMS College of Architecture, Visvesvaraya Technological University (VTU)
_aProject roport
_d2019
650 _aAnchors
700 _aMaithili Velangi
_eGuide
700 _aPraveen Alva
_eGuide
942 _2ddc
_cTHE